| 000 | 01462nam a22002177a 4500 | ||
|---|---|---|---|
| 005 | 20250411150640.0 | ||
| 008 | 250407b |||||||| |||| 00| 0 eng d | ||
| 020 | _a9789332586536 | ||
| 040 | _cAIMIT LIBRARY | ||
| 082 |
_25 _a338.5 _bHUBR |
||
| 100 |
_aHubbard, R. Glenn. _eAuthor _9207762 |
||
| 245 |
_aMicroeconomics / _cBy R. Glenn Hubbard and Antony Patrick O'Brien. |
||
| 250 | _a5th ed. | ||
| 260 |
_aChennai : _bPearson India Education Services Pvt. Ltd. _c2017. |
||
| 300 |
_a672p. ; _bPB _c25.4cm |
||
| 500 | _aR.Glenn Hubbard is the dean and Professor of Finance and Economics in the Graduate School of Business at Columbia University and professor of economics in Columbia’s Faculty of Arts and Sciences. He is also a research associate of the National Bureau of Economic Research and a director of Automatic Data Processing, Black Rock Closed-Ends Funds ,and MetLife. He received his Ph.D. in economics from Havard University in 1983 Anthony Patrick O’Brien is a professor of economics at Lehigh University. He received his Ph.D from the University of California, Berkeley, in 1987. He has taught principles of economics for more than 20 years, in both large sections and small honors classes. He received the Lehigh University Award for Distinguished Teaching. | ||
| 650 |
_aFinance and Economics _9208255 |
||
| 650 |
_aMarket System. _9208256 |
||
| 700 |
_aO'Brien, Antony Patrick. _eAuthor _9207765 |
||
| 942 |
_2ddc _cBK _e5th _k338.5 HUBR |
||
| 999 |
_c234102 _d234102 |
||